Acercamientos a lo tropical: Un breve recuerdo de la arquitectura contemporánea en Costa Rica/ (Record no. 2800)

MARC details
000 -LEADER
campo de control de longitud fija 01779nam a2200229 4500
003 - IDENTIFICADOR DE NÚMERO DE CONTROL
campo de control OSt
005 - FECHA Y HORA DE LA ÚLTIMA TRANSACCIÓN
campo de control 20230116132949.0
008 - DATOS DE LONGITUD FIJA--INFORMACIÓN GENERAL
campo de control de longitud fija 230116b |||||||| |||| 00| 0 eng d
020 ## - NÚMERO INTERNACIONAL ESTÁNDAR DEL LIBRO
Número Internacional Estándar del Libro 978 9930 9708 6 7
040 ## - FUENTE DE CATALOGACIÓN
Centro/agencia transcriptor Lado V
082 ## - NÚMERO DE LA CLASIFICACIÓN DECIMAL DEWEY
Número de clasificación 724.6
Número de ítem M743a
100 ## - ENTRADA PRINCIPAL--NOMBRE DE PERSONA
Nombre de persona Monge Cortes, Paz
9 (RLIN) 547
Término indicativo de función/relación autor
245 ## - MENCIÓN DEL TÍTULO
Título Acercamientos a lo tropical: Un breve recuerdo de la arquitectura contemporánea en Costa Rica/
260 ## - PUBLICACIÓN, DISTRIBUCIÓN, ETC.
Lugar de publicación, distribución, etc. Costa Rica
Nombre del editor, distribuidor, etc. Museo de Arte y Diseño Contemporáneo
Fecha de publicación, distribución, etc. 2021
300 ## - DESCRIPCIÓN FÍSICA
Extensión 50p.
Dimensiones 24x21cm
505 ## - NOTA DE CONTENIDO CON FORMATO
Título Prólogo de la presente edición
Mención de responsabilidad Manuel Rebón
Título I. Acercamientos. Un abordaje, mil pasajes
-- Imaginario
-- La barca abierta
-- La errancia, el exilio
-- Poéticas
-- Una errancia arraigada
-- II. Elementos. Lo elemental se recompone absolutamente
-- Repeticiones
-- La extensión y la filiación
-- Lugar cerrado, palabra abierta
-- De un barroco mundializado
-- Acerca de la información del poema
-- III. Caminos. En voz alta, para marcar la distancia
-- Creolizaciones
-- Dictar, prescribir
-- Construir una torre
-- Transparencia y opacidad
-- La playa negra
-- IV. Teorías. La teoría es ausencia, oscura y propicia
-- Relación
-- Lo relativo y el caos
-- Las distancias determinantes
-- Aquello que, aquello que
-- Religado (relevado), relatado
-- V. Poética. El ante, múltiple infinito en subsistencia
-- Generalización
-- Aquello siendo lo que no es
-- Para la opacidad
-- Círculo abierto, Relación vivida
-- La playa ardiente
-- Referencias
650 ## - PUNTO DE ACCESO ADICIONAL DE MATERIA--TÉRMINO DE MATERIA
Fuente del encabezamiento o término Tesauro de Arte & Arquitectura
Término de materia o nombre geográfico como elemento de entrada ARQUITECTURA COSTARRICENSE
650 ## - PUNTO DE ACCESO ADICIONAL DE MATERIA--TÉRMINO DE MATERIA
Fuente del encabezamiento o término Tesauro de Arte & Arquitectura
Término de materia o nombre geográfico como elemento de entrada TEORIA
650 ## - PUNTO DE ACCESO ADICIONAL DE MATERIA--TÉRMINO DE MATERIA
Fuente del encabezamiento o término Tesauro de Arte & Arquitectura
Término de materia o nombre geográfico como elemento de entrada ARQUITECTURA TROPICAL
650 ## - PUNTO DE ACCESO ADICIONAL DE MATERIA--TÉRMINO DE MATERIA
Fuente del encabezamiento o término Tesauro de Arte & Arquitectura
Término de materia o nombre geográfico como elemento de entrada ARQUITECTURA CONTEMPORANEO
942 ## - ELEMENTOS DE ENTRADA SECUNDARIOS (KOHA)
Fuente del sistema de clasificación o colocación Clasificación Decimal Dewey
Tipo de ítem Koha Libros
Parte de la signatura que corresponde a la clasificación (Parte de la clasificación) 724.6
Parte de la signatura que identifica el ejemplar (Parte del ítem) M743a
Holdings
Estatus retirado Estado de pérdida Fuente del sistema de clasificación o colocación Estado de daño No para préstamo Biblioteca de origen Biblioteca actual Fecha de adquisición Número de inventario Total de préstamos Signatura topográfica completa Código de barras Visto por última vez Precio de reemplazo Tipo de ítem Koha
    Clasificación Decimal Dewey     Biblioteca LadoV Biblioteca LadoV 16/01/2023 005028   724.6 M743a 005028 16/01/2023 16/01/2023 Libros
    Clasificación Decimal Dewey     Biblioteca LadoV Biblioteca LadoV 16/01/2023 005029   724.6 M743a 005029 16/01/2023 16/01/2023 Libros